Innovación y crisis trayectorias y respuestas de empresas y sectores / (Registro nro. 12542)
[ vista simple ]
| 000 -LEADER | |
|---|---|
| fixed length control field | 01138nam a2200289Ia 4500 |
| 003 - CONTROL NUMBER IDENTIFIER | |
| control field | OSt |
| 005 - DATE AND TIME OF LATEST TRANSACTION | |
| control field | 20210930092648.0 |
| 008 - FIXED-LENGTH DATA ELEMENTS--GENERAL INFORMATION | |
| fixed length control field | 210310s2012 mx ad gr 000 0 spa d |
| 020 ## - INTERNATIONAL STANDARD BOOK NUMBER | |
| International Standard Book Number | 9786074015430 |
| 040 ## - CATALOGING SOURCE | |
| Original cataloging agency | CO-JMCR |
| Transcribing agency | CO-JMCR |
| 041 0# - LANGUAGE CODE | |
| Language code of text/sound track or separate title | spa |
| 082 04 - DEWEY DECIMAL CLASSIFICATION NUMBER | |
| Classification number | 658.8 / |
| Item number | M623i |
| Edition number | 23 |
| 100 1# - MAIN ENTRY--PERSONAL NAME | |
| Personal name | Micheli, Jordy, |
| Relator term | autor |
| 9 (RLIN) | 28520 |
| 245 10 - TITLE STATEMENT | |
| Title | Innovación y crisis trayectorias y respuestas de empresas y sectores / |
| Statement of responsibility, etc. | Jordy Micheli, Enrique Medellín, Javier Jasso, Antonio Hidalgo |
| 250 ## - EDITION STATEMENT | |
| Edition statement | Primera edición |
| 260 ## - PUBLICATION, DISTRIBUTION, ETC. | |
| Place of publication, distribution, etc. | México : |
| Name of publisher, distributor, etc. | Azcapotzalco, |
| Date of publication, distribution, etc. | 2012. |
| 300 ## - PHYSICAL DESCRIPTION | |
| Extent | 400 páginas : |
| Other physical details | ilustraciones y gráficas en blanco y negro ; |
| Dimensions | 23 cm. |
| 490 ## - SERIES STATEMENT | |
| Series statement | Las ciencias sociales |
| 505 0# - FORMATTED CONTENTS NOTE | |
| Formatted contents note | Lo que la crisis pone a prueba. -- Innovación empresarial ante la crisis. -- Trayectoria sectoriales en la crisis. |
| 650 14 - SUBJECT ADDED ENTRY--TOPICAL TERM | |
| Topical term or geographic name entry element | Innovaciones tecnológicas |
| General subdivision | Aspectos económicos |
| 9 (RLIN) | 40876 |
| 650 24 - SUBJECT ADDED ENTRY--TOPICAL TERM | |
| Topical term or geographic name entry element | Desarrollo económico |
| 9 (RLIN) | 40877 |
| 650 24 - SUBJECT ADDED ENTRY--TOPICAL TERM | |
| Topical term or geographic name entry element | Márketing |
| 9 (RLIN) | 40878 |
| 700 1# - ADDED ENTRY--PERSONAL NAME | |
| Personal name | Enrique Medellín, |
| Relator term | autor |
| 9 (RLIN) | 40879 |
| 700 1# - ADDED ENTRY--PERSONAL NAME | |
| Personal name | Jasso, Javier, |
| Relator term | autor |
| 9 (RLIN) | 40880 |
| 700 1# - ADDED ENTRY--PERSONAL NAME | |
| Personal name | Hidalgo, Antonio, |
| Relator term | autor |
| 9 (RLIN) | 40881 |
| 942 ## - ADDED ENTRY ELEMENTS (KOHA) | |
| Source of classification or shelving scheme | Dewey Decimal Classification |
| Koha item type | Books |
| Withdrawn status | Lost status | Source of classification or shelving scheme | Damaged status | Not for loan | Home library | Current library | Shelving location | Date acquired | Source of acquisition | Full call number | Barcode | Date last seen | Copy number | Price effective from | Koha item type |
|---|---|---|---|---|---|---|---|---|---|---|---|---|---|---|---|
| Dewey Decimal Classification | Biblioteca Pública José María del Castillo y Rada | Biblioteca Pública José María del Castillo y Rada | General Stacks | 04/15/2018 | Donación | 658.8 / M623i | 430000037 | 05/16/2024 | Ej.1 | 03/10/2021 | Books |